[Event "4. Open Ciudad de Tres Cantos 2012"]
[Site "Tres Cantos ESP"]
[Date "2012.06.22"]
[Round "2.16"]
[White "Anton Prado, Augusto"]
[Black "Martin Garcia, Guillermo"]
[Result "0-1"]
[WhiteElo "1775"]
[BlackElo "1977"]
[PlyCount "66"]
[EventDate "2012.06.21"]
[EventType "swiss"]
[EventRounds "9"]
[EventCountry "ESP"]
[Source "lmi"]
[SourceDate "2012.06.21"]

1. e4 e5 2. f4 exf4 3. Nf3 d6 4. d4 g5 5. Bc4 Bg7 6. O-O Nc6 7. c3 h6 8. Qb3
Qe7 9. g3 fxg3 10. hxg3 Nf6 11. e5 dxe5 12. dxe5 Ng4 13. Nxg5 hxg5 14. Bxf7+
Kd8 15. Qd5+ Bd7 16. e6 Nf6 17. Qxg5 Bh6 18. Qb5 Bxc1 19. Rxc1 Nd4 20. Qd3 Nxe6
21. Bxe6 Qxe6 22. Na3 Qe4 23. Qxe4 Nxe4 24. Rd1 Nxg3 25. Kg2 Nf5 26. Rd3 Kc8
27. Rf1 Bc6+ 28. Kf2 Re8 29. Rg1 b6 30. Rg5 Nd6 31. Rh5 Kb7 32. Nc2 Be4 33. Rd2
Bg6 0-1

[Event "4. Open Ciudad de Tres Cantos 2012"]
[Site "Tres Cantos ESP"]
[Date "2012.06.22"]
[Round "2.17"]
[White "Gomez Celdran, Francisco Miguel"]
[Black "Alvarez Gonzalez, Eduardo"]
[Result "1/2-1/2"]
[WhiteElo "1965"]
[BlackElo "1773"]
[PlyCount "92"]
[EventDate "2012.06.21"]
[EventType "swiss"]
[EventRounds "9"]
[EventCountry "ESP"]
[Source "lmi"]
[SourceDate "2012.06.21"]

1. e4 c6 2. d4 d5 3. exd5 cxd5 4. c4 Nc6 5. cxd5 Qxd5 6. Nf3 e6 7. Nc3 Qd8 8.
Bd3 Nf6 9. O-O Be7 10. Re1 O-O 11. a3 b6 12. Ne5 Bb7 13. Ba6 Qc8 14. Bxb7 Qxb7
15. Nxc6 Qxc6 16. d5 Qc4 17. Qe2 Qxe2 18. Rxe2 Rfe8 19. dxe6 fxe6 20. Rxe6 Bxa3
21. Rxe8+ Rxe8 22. Kf1 Bc5 23. h3 a5 24. Bd2 Ne4 25. Nxe4 Rxe4 26. Re1 Rxe1+
27. Bxe1 Kf7 28. b3 h5 29. Ke2 Ke6 30. Kd3 Kf5 31. f3 g5 32. g4+ hxg4 33. fxg4+
Kf4 34. Bd2+ Kg3 35. Bxg5 Kxh3 36. Kc4 Kxg4 37. Bd8 Kf5 38. Kb5 Ke6 39. Bxb6
Bd6 40. Bc5 Bc7 41. Kc6 Bf4 42. Bb6 Bd2 43. Kb5 Kd7 44. Bxa5 Bf4 45. Ka6 Kc8
46. b4 Bd2 1/2-1/2

[Event "4. Open Ciudad de Tres Cantos 2012"]
[Site "Tres Cantos ESP"]
[Date "2012.06.22"]
[Round "2.18"]
[White "Algaba Traspuesto, Jose Antonio"]
[Black "Rodriguez Dorado, Victor"]
[Result "0-1"]
[WhiteElo "1650"]
[BlackElo "1946"]
[PlyCount "86"]
[EventDate "2012.06.21"]
[EventType "swiss"]
[EventRounds "9"]
[EventCountry "ESP"]
[Source "lmi"]
[SourceDate "2012.06.21"]

1. d4 Nf6 2. Nf3 g6 3. Nc3 d5 4. Bf4 c6 5. e3 Bg4 6. h3 Bf5 7. Be2 Bg7 8. g4
Be4 9. g5 Nh5 10. Bh2 Qa5 11. Qd2 Qb6 12. O-O-O a5 13. Nxe4 dxe4 14. Ne5 a4 15.
a3 Qd8 16. Rdf1 b5 17. f3 f6 18. gxf6 exf6 19. Ng4 f5 20. Ne5 Nf6 21. Qb4 Bf8
22. Qe1 b4 23. Bc4 Qb6 24. Bf7+ Kd8 25. Nc4 Qb7 26. Ne5 bxa3 27. Qc3 exf3 28.
bxa3 Ne4 29. Qd3 Na6 30. Ba2 Nd6 31. Nxf3 Rb8 32. Bc4 Nc7 33. Ng5 Nd5 34. Ne6+
Ke8 35. Nxf8 Qb2+ 36. Kd2 Nxc4+ 37. Qxc4 Qxa3 38. Bxb8 Qxe3+ 39. Kd1 Nc3+ 40.
Qxc3 Qxc3 41. Ne6 a3 42. Re1 a2 43. Nc5+ Kf7 0-1

[Event "4. Open Ciudad de Tres Cantos 2012"]
[Site "Tres Cantos ESP"]
[Date "2012.06.22"]
[Round "2.21"]
[White "Fernandez Muñoz, Emiliano"]
[Black "Sterling Carmona, Francisco"]
[Result "1/2-1/2"]
[WhiteElo "2050"]
[BlackElo "1916"]
[PlyCount "43"]
[EventDate "2012.06.21"]
[EventType "swiss"]
[EventRounds "9"]
[EventCountry "ESP"]
[Source "lmi"]
[SourceDate "2012.06.21"]

1. e4 d6 2. d4 Nf6 3. Nc3 e5 4. dxe5 dxe5 5. Qxd8+ Kxd8 6. Bc4 Ke8 7. Nf3 Bd6
8. h3 b6 9. Bg5 Nfd7 10. Nb5 Bb7 11. O-O-O f6 12. Be3 Ke7 13. Nxd6 cxd6 14. Bd5
Nc6 15. Rd2 Rhd8 16. Rhd1 Nc5 17. Kb1 Rd7 18. Ne1 Rad8 19. f3 Ne6 20. g3 Nc7
21. c4 Nxd5 22. cxd5 1/2-1/2

[Event "4. Open Ciudad de Tres Cantos 2012"]
[Site "Tres Cantos ESP"]
[Date "2012.06.22"]
[Round "2.23"]
[White "De Torres Lopez, Javier"]
[Black "Alvarez Abejon, Amilcar"]
[Result "0-1"]
[WhiteElo "1627"]
[BlackElo "2074"]
[PlyCount "50"]
[EventDate "2012.06.21"]
[EventType "swiss"]
[EventRounds "9"]
[EventCountry "ESP"]
[Source "lmi"]
[SourceDate "2012.06.21"]

1. f4 d5 2. Nf3 g6 3. e3 Bg7 4. d4 Nh6 5. h3 Nf5 6. Bb5+ c6 7. g4 cxb5 8. gxf5
Bxf5 9. Nbd2 Qc8 10. Qe2 a6 11. c3 Nc6 12. a3 Bxh3 13. Ng5 Bg4 14. Qg2 h6 15.
Rh4 hxg5 16. Rxg4 Rh1+ 17. Nf1 gxf4 18. Rxf4 Qh3 19. Qxd5 Bf6 20. b4 g5 21. Rf2
g4 22. Rg2 Rd8 23. Qe4 Bh4+ 24. Kd2 Rxf1 25. Qxg4 Rf2+ 0-1

[Event "4. Open Ciudad de Tres Cantos 2012"]
[Site "Tres Cantos ESP"]
[Date "2012.06.22"]
[Round "2.24"]
[White "Benito Mellado, Humberto"]
[Black "Heras Cuencas, Miguel Angel"]
[Result "0-1"]
[WhiteElo "1592"]
[BlackElo "1985"]
[PlyCount "55"]
[EventDate "2012.06.21"]
[EventType "swiss"]
[EventRounds "9"]
[EventCountry "ESP"]
[Source "lmi"]
[SourceDate "2012.06.21"]

1. d4 Nf6 2. c4 c5 3. d5 b5 4. cxb5 a6 5. bxa6 Bxa6 6. g3 d6 7. Bg2 g6 8. Nh3
Bg7 9. O-O Nbd7 10. Re1 O-O 11. Nc3 Qb6 12. e4 Ne5 13. Nf4 Rfb8 14. Na4 Qa7 15.
Nc3 Nfd7 16. h4 Nc4 17. Nd3 Nde5 18. Nxe5 Bxe5 19. Qg4 Nxb2 20. Re3 Nd3 21. Bd2
Bd4 22. h5 Rb2 23. hxg6 hxg6 24. Rd1 Rc2 25. Bf1 Ne5 26. Qf4 Bxf1 27. Kxf1 Qa5
28. g4 0-1

[Event "4. Open Ciudad de Tres Cantos 2012"]
[Site "Tres Cantos ESP"]
[Date "2012.06.22"]
[Round "2.25"]
[White "Delgado Mena, Diego"]
[Black "Brull Cortes, Boris"]
[Result "0-1"]
[WhiteElo "1524"]
[BlackElo "1959"]
[PlyCount "94"]
[EventDate "2012.06.21"]
[EventType "swiss"]
[EventRounds "9"]
[EventCountry "ESP"]
[Source "lmi"]
[SourceDate "2012.06.21"]

1. d4 e6 2. Nf3 d5 3. e3 Bd6 4. Bd3 Nd7 5. Nbd2 f5 6. b3 Ngf6 7. Bb2 Ne4 8. Ne5
O-O 9. O-O Rf6 10. f4 Rh6 11. Ndf3 Ndf6 12. Ng5 Bxe5 13. dxe5 Ng4 14. Rf3 Nxg5
15. fxg5 Rxh2 16. Rh3 Rxh3 17. gxh3 Nxe3 18. Qf3 Qxg5+ 19. Kf2 f4 20. Bc1 Qxe5
21. Rb1 Qf6 22. Bxe3 fxe3+ 23. Kxe3 Qxf3+ 24. Kxf3 e5 25. Bf1 Bf5 26. Re1 Rf8
27. Kg3 Bxc2 28. Bg2 Be4 29. Bxe4 dxe4 30. Rxe4 Re8 31. Rc4 c6 32. a4 Rd8 33.
Rc3 Kf7 34. Kf3 Ke6 35. Ke4 Rd4+ 36. Ke3 Kd5 37. Ke2 c5 38. Rf3 Re4+ 39. Kd3
Rf4 40. Rg3 g6 41. Kc2 e4 42. Rg5+ Rf5 43. Rg3 Kd4 44. Kd2 e3+ 45. Rxe3 Rf2+
46. Re2 Rxe2+ 47. Kxe2 Kc3 0-1

[Event "4. Open Ciudad de Tres Cantos 2012"]
[Site "Tres Cantos ESP"]
[Date "2012.06.22"]
[Round "2.26"]
[White "Minguela Muñoz, Bienvenido"]
[Black "De Torres Lopez, Ruben"]
[Result "1-0"]
[WhiteElo "1878"]
[BlackElo "1345"]
[PlyCount "59"]
[EventDate "2012.06.21"]
[EventType "swiss"]
[EventRounds "9"]
[EventCountry "ESP"]
[Source "lmi"]
[SourceDate "2012.06.21"]

1. Nf3 Nf6 2. d4 e6 3. c4 d5 4. Nc3 Bb4 5. Qb3 Bxc3+ 6. bxc3 O-O 7. Bg5 c6 8.
e3 h6 9. Bh4 Na6 10. Ne5 Nc7 11. c5 Nce8 12. Bd3 Bd7 13. Rb1 Rb8 14. O-O b6 15.
Rb2 Qc7 16. Bg3 Qc8 17. Nxd7 Nxd7 18. Bxb8 Nxb8 19. cxb6 axb6 20. Qxb6 Nd7 21.
Qb7 Nd6 22. Qxc8 Rxc8 23. a4 c5 24. a5 Ra8 25. Ra1 cxd4 26. cxd4 e5 27. a6 exd4
28. exd4 Ne8 29. Rb7 Nef6 30. Bb5 1-0

[Event "4. Open Ciudad de Tres Cantos 2012"]
[Site "Tres Cantos ESP"]
[Date "2012.06.22"]
[Round "2.27"]
[White "Fernandez Sanchez, Lorenzo"]
[Black "Martinez Montalvo, Eduardo"]
[Result "1-0"]
[WhiteElo "1851"]
[BlackElo "1827"]
[PlyCount "55"]
[EventDate "2012.06.21"]
[EventType "swiss"]
[EventRounds "9"]
[EventCountry "ESP"]
[Source "lmi"]
[SourceDate "2012.06.21"]

1. d4 Nf6 2. c4 e5 3. dxe5 Ng4 4. Nf3 Bc5 5. e3 Nc6 6. Nc3 O-O 7. Be2 Re8 8.
O-O Ngxe5 9. b3 a5 10. Bb2 Ra6 11. Nd5 Nxf3+ 12. Bxf3 Ne5 13. Be2 Rh6 14. g3 d6
15. Bxe5 Rxe5 16. Bg4 Bxg4 17. Qxg4 c6 18. Nf4 Rg5 19. Qe2 Qf6 20. Rad1 Rh4 21.
Kh1 Rh6 22. Rd3 Qf5 23. e4 Qc8 24. Rf3 Rg4 25. Nd3 Kf8 26. Nxc5 dxc5 27. Rf5
Qe6 28. Qxg4 1-0

[Event "4. Open Ciudad de Tres Cantos 2012"]
[Site "Tres Cantos ESP"]
[Date "2012.06.22"]
[Round "2.29"]
[White "Sierra Bermejo, Gregorio"]
[Black "Ballesteros Jimenez, Miguel A"]
[Result "0-1"]
[WhiteElo "1663"]
[BlackElo "1672"]
[PlyCount "58"]
[EventDate "2012.06.21"]
[EventType "swiss"]
[EventRounds "9"]
[EventCountry "ESP"]
[Source "lmi"]
[SourceDate "2012.06.21"]

1. e4 d5 2. exd5 Qxd5 3. Nc3 Qd6 4. d4 Nf6 5. Nf3 a6 6. g3 b5 7. Bg2 Bb7 8. O-O
e6 9. Bf4 Qb6 10. Re1 Bd6 11. Be3 Ng4 12. Bd2 Nd7 13. h3 Ngf6 14. Be3 O-O 15.
d5 Bc5 16. dxe6 fxe6 17. Bxc5 Nxc5 18. Qd4 Rad8 19. Qh4 b4 20. Nd1 Nce4 21. Ne3
Nd5 22. Qxe4 Nxe3 23. Qxe6+ Qxe6 24. Rxe3 Qf6 25. Rb3 Bd5 26. c4 Bxc4 27. Rxb4
Bd5 28. Rf4 Qxb2 29. Rxf8+ Rxf8 0-1

[Event "4. Open Ciudad de Tres Cantos 2012"]
[Site "Tres Cantos ESP"]
[Date "2012.06.22"]
[Round "2.31"]
[White "Infante Martin, Alonso"]
[Black "Baeza Escudero, Javier"]
[Result "0-1"]
[WhiteElo "1512"]
[BlackElo "2031"]
[PlyCount "116"]
[EventDate "2012.06.21"]
[EventType "swiss"]
[EventRounds "9"]
[EventCountry "ESP"]
[Source "lmi"]
[SourceDate "2012.06.21"]

1. d4 d5 2. c4 e6 3. Nc3 Nf6 4. Bg5 Be7 5. Qc2 O-O 6. e3 h6 7. Bh4 b6 8. cxd5
Nxd5 9. Bxe7 Qxe7 10. Nxd5 exd5 11. Rc1 c6 12. Bd3 Be6 13. Nf3 Rc8 14. O-O c5
15. Qd2 Nd7 16. b3 c4 17. Bb1 b5 18. e4 b4 19. Rfe1 c3 20. Qd3 dxe4 21. Rxe4
Nf6 22. Re3 Qd6 23. h3 a5 24. Ne5 a4 25. Bc2 Rd8 26. Rd1 axb3 27. axb3 Ra2 28.
Rf3 Qxd4 29. Qxd4 Rxd4 30. Rxd4 Rxc2 31. Rxb4 Rc1+ 32. Kh2 c2 33. Rc3 Nd5 34.
Rb8+ Kh7 35. Rc5 Re1 36. Rxc2 Rxe5 37. b4 Nf4 38. b5 Bd5 39. b6 Bxg2 40. b7 Rb5
41. Rh8+ Kxh8 42. Rc8+ Kh7 43. b8=Q Rxb8 44. Rxb8 Bxh3 45. Kg3 g5 46. Rb6 Be6
47. f3 Kg6 48. Kh2 Kf5 49. Kg3 Ke5 50. Rb8 Kd4 51. Rh8 h5 52. Rg8 Ng6 53. Kf2
Ke5 54. Ke3 h4 55. Kf2 Kf4 56. Rb8 Ne5 57. Rb4+ Bc4 58. Kg2 Ke3 0-1

[Event "4. Open Ciudad de Tres Cantos 2012"]
[Site "Tres Cantos ESP"]
[Date "2012.06.22"]
[Round "2.32"]
[White "Ojosnegros Martin, Angel"]
[Black "Montoya Pecurul, Marc"]
[Result "0-1"]
[WhiteElo "1488"]
[BlackElo "1892"]
[PlyCount "62"]
[EventDate "2012.06.21"]
[EventType "swiss"]
[EventRounds "9"]
[EventCountry "ESP"]
[Source "lmi"]
[SourceDate "2012.06.21"]

1. e4 c5 2. Nf3 d6 3. d4 cxd4 4. Nxd4 Nf6 5. Nc3 g6 6. f3 Bg7 7. Be3 O-O 8. Bc4
Nc6 9. Qd2 Bd7 10. O-O-O Rc8 11. h4 Nxd4 12. Qxd4 Ng4 13. Bxf7+ Rxf7 14. Qxa7
Nxe3 15. Qxe3 Qa5 16. Rd5 Qb4 17. a3 Qc4 18. h5 Bxc3 19. bxc3 Qxc3 20. Qxc3
Rxc3 21. Kb2 Re3 22. hxg6 hxg6 23. Ra5 Re2 24. Ra8+ Rf8 25. Ra7 Bc8 26. Rh2
Rxf3 27. gxf3 Rxh2 28. Ra5 Kf7 29. Kc3 Rf2 30. Kd4 Rxf3 31. c4 e5+ 0-1

[Event "4. Open Ciudad de Tres Cantos 2012"]
[Site "Tres Cantos ESP"]
[Date "2012.06.22"]
[Round "2.33"]
[White "Sierra Soria, Maria"]
[Black "Bernal Zajarov, Mateo"]
[Result "0-1"]
[WhiteElo "1768"]
[BlackElo "1506"]
[PlyCount "102"]
[EventDate "2012.06.21"]
[EventType "swiss"]
[EventRounds "9"]
[EventCountry "ESP"]
[Source "lmi"]
[SourceDate "2012.06.21"]

1. e4 c5 2. Nf3 d6 3. d4 cxd4 4. Nxd4 Nf6 5. Nc3 Nc6 6. Be2 g6 7. Nb3 Bg7 8.
O-O O-O 9. Bg5 h6 10. Bh4 a6 11. Kh1 g5 12. Bg3 b5 13. a3 e5 14. Qd2 Qc7 15.
Rad1 Rd8 16. Rfe1 Bf8 17. Qe3 Be6 18. Bf1 Bxb3 19. cxb3 Nd4 20. Rc1 Qb7 21. Na2
Nxe4 22. Qxe4 Qxe4 23. Rxe4 f5 24. Re3 f4 25. Bxf4 gxf4 26. Rec3 d5 27. Re1 Bg7
28. Nc1 e4 29. Rh3 f3 30. gxf3 Nxf3 31. Re2 Rac8 32. Na2 Nd4 33. Rd2 Rc2 34.
Rxc2 Nxc2 35. Nc3 Ne1 36. Bg2 Bxc3 37. bxc3 Rc8 38. Re3 Nd3 39. c4 bxc4 40.
bxc4 Rxc4 41. Bh3 Nxf2+ 42. Kg2 Nxh3 43. Kxh3 Rd4 44. Kg3 Rd3 45. Rxd3 exd3 46.
Kf3 Kg7 47. Ke3 Kf6 48. Kxd3 Ke5 49. a4 h5 50. a5 h4 51. h3 Kf4 0-1

[Event "4. Open Ciudad de Tres Cantos 2012"]
[Site "Tres Cantos ESP"]
[Date "2012.06.22"]
[Round "2.34"]
[White "Martin Rodriguez, Jose L"]
[Black "Yeves Miquel, Enrique"]
[Result "0-1"]
[WhiteElo "1449"]
[BlackElo "1748"]
[PlyCount "64"]
[EventDate "2012.06.21"]
[EventType "swiss"]
[EventRounds "9"]
[EventCountry "ESP"]
[Source "lmi"]
[SourceDate "2012.06.21"]

1. e4 c6 2. d4 d5 3. e5 Bf5 4. Nf3 e6 5. Be2 c5 6. Bg5 Qb6 7. b3 cxd4 8. Nxd4
Be4 9. O-O Bc5 10. c3 a6 11. h4 h6 12. Be3 Qc7 13. f3 Bh7 14. f4 Ne7 15. g4
Nbc6 16. Qd2 O-O 17. Rf2 Ba7 18. Na3 Nxd4 19. Bxd4 Bxd4 20. cxd4 Nc6 21. Rc1
Qe7 22. Rc5 Qxh4 23. Rh2 Qe7 24. Nc2 Rac8 25. b4 f6 26. Qe3 fxe5 27. fxe5 Rf7
28. Bd3 Bxd3 29. Qxd3 Qg5 30. Qg3 Rcf8 31. Ne3 Nxd4 32. Qe1 Nf3+ 0-1

[Event "4. Open Ciudad de Tres Cantos 2012"]
[Site "Tres Cantos ESP"]
[Date "2012.06.22"]
[Round "2.35"]
[White "Mauro Juarez, Benito"]
[Black "Rezola Gimenez, Gonzalo"]
[Result "1-0"]
[WhiteElo "1728"]
[BlackElo "1468"]
[PlyCount "81"]
[EventDate "2012.06.21"]
[EventType "swiss"]
[EventRounds "9"]
[EventCountry "ESP"]
[Source "lmi"]
[SourceDate "2012.06.21"]

1. c4 c5 2. Nc3 Nc6 3. e3 e5 4. Nf3 Nf6 5. Qc2 g6 6. a3 Bg7 7. Be2 O-O 8. b3 d6
9. Bb2 Bf5 10. d3 Re8 11. Nd2 a6 12. h3 Rb8 13. g4 Be6 14. g5 Nd7 15. Nce4 Qe7
16. Bf3 Red8 17. h4 Rbc8 18. Nf1 b5 19. Nh2 f5 20. gxf6 Nxf6 21. Ng5 b4 22. a4
a5 23. O-O-O Rf8 24. Nxe6 Qxe6 25. Rdg1 Qh3 26. Rg3 Qf5 27. Qe2 Rc7 28. Rhg1
Ne7 29. h5 Rcc8 30. hxg6 Nxg6 31. Ng4 Rcd8 32. Nxf6+ Rxf6 33. Bd5+ Kh8 34. f4
Re8 35. Rg5 Nxf4 36. exf4 Qxf4+ 37. Kb1 Re7 38. Qg4 Rg6 39. Rxg6 hxg6 40. Qxg6
e4 41. Rh1+ 1-0

[Event "4. Open Ciudad de Tres Cantos 2012"]
[Site "Tres Cantos ESP"]
[Date "2012.06.22"]
[Round "2.36"]
[White "Hernandez Ramos, Alberto"]
[Black "Martinez Miura, Enrique"]
[Result "1/2-1/2"]
[WhiteElo "1407"]
[BlackElo "1724"]
[PlyCount "61"]
[EventDate "2012.06.21"]
[EventType "swiss"]
[EventRounds "9"]
[EventCountry "ESP"]
[Source "lmi"]
[SourceDate "2012.06.21"]

1. e4 e6 2. d4 d5 3. e5 c5 4. c3 cxd4 5. cxd4 Nc6 6. Nf3 Bb4+ 7. Nc3 a6 8. Bd3
h6 9. O-O Nge7 10. a3 Bxc3 11. bxc3 O-O 12. Rb1 Rb8 13. a4 Re8 14. Ba3 Qa5 15.
Qc2 b5 16. Bd6 Rb7 17. axb5 axb5 18. Ra1 Qb6 19. Bc5 Qc7 20. Rfb1 Bd7 21. Rxb5
Rxb5 22. Bxb5 Nxe5 23. Be2 Nxf3+ 24. Bxf3 Nc6 25. Rb1 Rb8 26. Rxb8+ Qxb8 27. h3
Qf4 28. Qb2 Qb8 29. Qxb8+ Nxb8 30. Be2 Ba4 31. Bd3 1/2-1/2

[Event "4. Open Ciudad de Tres Cantos 2012"]
[Site "Tres Cantos ESP"]
[Date "2012.06.22"]
[Round "2.37"]
[White "Herranz Sanchez, Pablo"]
[Black "Muñoz Blazquez, Jose"]
[Result "1-0"]
[WhiteElo "1724"]
[BlackElo "1410"]
[PlyCount "99"]
[EventDate "2012.06.21"]
[EventType "swiss"]
[EventRounds "9"]
[EventCountry "ESP"]
[Source "lmi"]
[SourceDate "2012.06.21"]

1. e4 e5 2. Nf3 Nf6 3. Nxe5 d6 4. Nf3 Nxe4 5. Nc3 Nxc3 6. dxc3 Be7 7. Be2 O-O
8. O-O b6 9. Be3 Bb7 10. Nd4 Bg5 11. Bxg5 Qxg5 12. Bf3 d5 13. Ne2 c6 14. Ng3
Nd7 15. Be2 Nf6 16. f4 Qg6 17. Bd3 Qg4 18. Nf5 Qxd1 19. Raxd1 Rad8 20. Rfe1
Rde8 21. Nd6 Rxe1+ 22. Rxe1 Ba8 23. Re7 a5 24. Ra7 h6 25. b4 c5 26. bxc5 bxc5
27. Rxa5 c4 28. Be2 Ne4 29. Nxe4 dxe4 30. Bxc4 Kh8 31. Kf2 f6 32. Ke3 g5 33.
Bd5 Bxd5 34. Rxd5 f5 35. g3 Kg7 36. c4 Ra8 37. Rxf5 gxf4+ 38. Rxf4 Rxa2 39.
Rxe4 Rxc2 40. h4 Rc3+ 41. Kf4 Kf6 42. g4 Rc1 43. Ke3 Kf7 44. Kd4 Kf6 45. Kd5
Rh1 46. h5 Rg1 47. c5 Kg5 48. c6 Rd1+ 49. Rd4 Rc1 50. Kd6 1-0

[Event "4. Open Ciudad de Tres Cantos 2012"]
[Site "Tres Cantos ESP"]
[Date "2012.06.22"]
[Round "2.38"]
[White "Jimenez Perez, Federico"]
[Black "Benitez Cadenas, Luis Miguel"]
[Result "0-1"]
[WhiteElo "1282"]
[BlackElo "1719"]
[PlyCount "52"]
[EventDate "2012.06.21"]
[EventType "swiss"]
[EventRounds "9"]
[EventCountry "ESP"]
[Source "lmi"]
[SourceDate "2012.06.21"]

1. e4 e6 2. d4 d5 3. e5 c5 4. c3 Nc6 5. Nf3 Qb6 6. Bd3 cxd4 7. Nxd4 Nxe5 8. O-O
Nxd3 9. Qxd3 Nf6 10. Re1 Bd7 11. a4 Rc8 12. a5 Qc7 13. Bg5 Be7 14. Nb5 Bxb5 15.
Qxb5+ Qc6 16. Qd3 a6 17. Nd2 h6 18. Bh4 O-O 19. Rac1 Qc7 20. Bg3 Qxa5 21. Be5
Qb6 22. Qh3 Qxb2 23. Rb1 Qxd2 24. Re3 Ne4 25. Rf3 Ng5 26. Qxh6 Nxf3+ 0-1

[Event "4. Open Ciudad de Tres Cantos 2012"]
[Site "Tres Cantos ESP"]
[Date "2012.06.22"]
[Round "2.39"]
[White "Tolosana Esteban, Enrique"]
[Black "Casado Izquierdo, David"]
[Result "1-0"]
[WhiteElo "1718"]
[BlackElo "2115"]
[PlyCount "63"]
[EventDate "2012.06.21"]
[EventType "swiss"]
[EventRounds "9"]
[EventCountry "ESP"]
[Source "lmi"]
[SourceDate "2012.06.21"]

1. e4 c5 2. f4 Nc6 3. Nf3 d6 4. Bc4 e6 5. O-O a6 6. a4 Be7 7. c3 Nf6 8. e5 Nd7
9. d4 d5 10. Bb3 Na5 11. Bc2 g6 12. b3 Nb8 13. Ba3 b6 14. Nbd2 Nbc6 15. Rb1 Nb7
16. Rf2 Bd7 17. Nf1 b5 18. dxc5 Nxc5 19. Nd4 Qb6 20. Ra1 Na7 21. Ne3 O-O 22. f5
Nc6 23. f6 Bd8 24. a5 Nxa5 25. Bxc5 Qxc5 26. Rf3 Nc6 27. Nxc6 Bxc6 28. Rh3 d4
29. cxd4 Qb4 30. Rxh7 Kxh7 31. Qh5+ Kg8 32. Qh6 1-0

[Event "4. Open Ciudad de Tres Cantos 2012"]
[Site "Tres Cantos ESP"]
[Date "2012.06.22"]
[Round "2.40"]
[White "Sorribes Calle, Pablo"]
[Black "Perez Vazquez, Manuel"]
[Result "0-1"]
[WhiteElo "1692"]
[BlackElo "1734"]
[PlyCount "76"]
[EventDate "2012.06.21"]
[EventType "swiss"]
[EventRounds "9"]
[EventCountry "ESP"]
[Source "lmi"]
[SourceDate "2012.06.21"]

1. e4 Nf6 2. e5 Nd5 3. c4 Nb6 4. Nc3 d6 5. exd6 cxd6 6. d4 g6 7. Nf3 Bg7 8. Be2
O-O 9. O-O Nc6 10. d5 Na5 11. Nd2 Bxc3 12. bxc3 Bf5 13. g4 Bd7 14. Ne4 f5 15.
Ng5 Naxc4 16. Ne6 Bxe6 17. dxe6 fxg4 18. Bh6 Rf6 19. Qd4 Ne5 20. f4 gxf3 21.
Bxf3 Rxf3 22. Kg2 Rf6 23. Rxf6 exf6 24. Rd1 Nbc4 25. Kg3 Qe7 26. Rb1 b6 27. Qd5
Re8 28. Rf1 Qxe6 29. Qe4 Nf7 30. Qxe6 Rxe6 31. Bc1 Kg7 32. h4 Nh6 33. Rf4 Nf5+
34. Kf2 Ne5 35. Ke2 Ng3+ 36. Kd2 d5 37. a4 Ne4+ 38. Kc2 a5 0-1

[Event "4. Open Ciudad de Tres Cantos 2012"]
[Site "Tres Cantos ESP"]
[Date "2012.06.22"]
[Round "2.41"]
[White "Cabrera Jordan, Esteban"]
[Black "Corral Sanchez, Jesus"]
[Result "1-0"]
[WhiteElo "1673"]
[BlackElo "1673"]
[PlyCount "71"]
[EventDate "2012.06.21"]
[EventType "swiss"]
[EventRounds "9"]
[EventCountry "ESP"]
[Source "lmi"]
[SourceDate "2012.06.21"]

1. d4 d5 2. c4 c6 3. Nc3 Nf6 4. cxd5 cxd5 5. Nf3 Nc6 6. Bf4 a6 7. e3 Nh5 8. Bg5
f6 9. Bh4 g6 10. a3 e6 11. Be2 Ng7 12. Ne5 Be7 13. Nf3 Nf5 14. Bg3 Nxg3 15.
hxg3 Bd7 16. Nh4 Kf7 17. Nf3 Na5 18. Nd2 Rc8 19. Rc1 Kg7 20. Bd3 Nc4 21. Qb3
Nxd2 22. Kxd2 Bc6 23. Qd1 Bd6 24. f4 f5 25. g4 Qf6 26. gxf5 exf5 27. g4 fxg4
28. Qxg4 Rc7 29. Rcf1 b5 30. b4 Rhc8 31. Rc1 Bb7 32. Rhg1 Be7 33. Rh1 Bd6 34.
Qh3 Kg8 35. Rhg1 Qg7 36. Qe6+ 1-0

[Event "4. Open Ciudad de Tres Cantos 2012"]
[Site "Tres Cantos ESP"]
[Date "2012.06.22"]
[Round "2.42"]
[White "Marni De La Cuesta, Antenore"]
[Black "Blanco Fuente, Carlos"]
[Result "0-1"]
[WhiteElo "1664"]
[BlackElo "1658"]
[PlyCount "96"]
[EventDate "2012.06.21"]
[EventType "swiss"]
[EventRounds "9"]
[EventCountry "ESP"]
[Source "lmi"]
[SourceDate "2012.06.21"]

1. e4 c6 2. d4 d5 3. Nc3 dxe4 4. Nxe4 Bf5 5. Bd3 e6 6. c3 h6 7. Nf3 Nf6 8. Qe2
Nxe4 9. Bxe4 Bxe4 10. Qxe4 Nd7 11. O-O Nf6 12. Qd3 c5 13. Re1 cxd4 14. cxd4 Bd6
15. h3 O-O 16. a3 Rc8 17. Bd2 Qd7 18. b4 Rfd8 19. Rad1 Bc7 20. Be3 e5 21. Qc4
e4 22. Nd2 Bh2+ 23. Kh1 Rxc4 24. Nxc4 Bc7 25. g4 Nd5 26. Ne5 Bxe5 27. dxe5 Qe8
28. Bd4 Ne7 29. Rxe4 Nc6 30. b5 Nxd4 31. Rdxd4 Rxd4 32. Rxd4 Qxe5 33. Rd8+ Kh7
34. a4 Qe4+ 35. Kg1 Qxa4 36. Ra8 Qxb5 37. Rxa7 Qb3 38. Kg2 f6 39. f4 b5 40. h4
b4 41. g5 fxg5 42. hxg5 hxg5 43. fxg5 Qc2+ 44. Kg3 b3 45. Ra6 b2 46. Kh4 b1=Q
47. Kh5 Qe2+ 48. Kh4 Qxa6 0-1

[Event "4. Open Ciudad de Tres Cantos 2012"]
[Site "Tres Cantos ESP"]
[Date "2012.06.22"]
[Round "2.43"]
[White "Garcia Minguez, Antonio"]
[Black "Romero Gomez, David"]
[Result "0-1"]
[WhiteElo "1463"]
[BlackElo "1646"]
[PlyCount "100"]
[EventDate "2012.06.21"]
[EventType "swiss"]
[EventRounds "9"]
[EventCountry "ESP"]
[Source "lmi"]
[SourceDate "2012.06.21"]

1. d4 Nf6 2. c4 e6 3. Nc3 Bb4 4. a3 Bxc3+ 5. bxc3 c5 6. Bg5 h6 7. Bh4 cxd4 8.
Bxf6 Qxf6 9. cxd4 Nc6 10. e3 O-O 11. Nf3 b6 12. Be2 Bb7 13. O-O Rac8 14. Qd3
Na5 15. Rac1 Ba6 16. Nd2 d5 17. Qc3 dxc4 18. a4 Nb3 19. Nxb3 cxb3 20. Qb2 Bxe2
21. Qxe2 Qe7 22. Qb5 Rxc1 23. Rxc1 b2 24. Qxb2 Qd7 25. Qc2 Rd8 26. h3 Qb7 27.
Qc7 Rd7 28. Qxb7 Rxb7 29. f4 b5 30. Rb1 a6 31. axb5 Rxb5 32. Rxb5 axb5 33. Kf1
Kf8 34. Ke2 Ke7 35. Kd3 Kd6 36. e4 f5 37. exf5 exf5 38. h4 Kd5 39. Kc3 b4+ 40.
Kxb4 Kxd4 41. g3 Ke3 42. Kc4 Kf3 43. Kd4 Kxg3 44. Ke5 Kg4 45. h5 Kxh5 46. Kxf5
Kh4 47. Kg6 Kg4 48. f5 h5 49. f6 gxf6 50. Kxf6 h4 0-1

[Event "4. Open Ciudad de Tres Cantos 2012"]
[Site "Tres Cantos ESP"]
[Date "2012.06.23"]
[Round "3.1"]
[White "Lopez Moll, Jose Manuel"]
[Black "Rausis, Igor"]
[Result "0-1"]
[WhiteElo "1996"]
[BlackElo "2514"]
[PlyCount "46"]
[EventDate "2012.06.21"]
[EventType "swiss"]
[EventRounds "9"]
[EventCountry "ESP"]
[Source "lmi"]
[SourceDate "2012.06.21"]

1. e4 c6 2. d4 d5 3. e5 Bf5 4. Nf3 e6 5. Be2 Nd7 6. Be3 h6 7. Nbd2 Ne7 8. O-O
Bh7 9. b3 Nf5 10. c4 Be7 11. Re1 Nxe3 12. fxe3 O-O 13. Nf1 Bb4 14. N1d2 Bc3 15.
Rc1 Bb2 16. Rb1 Ba3 17. b4 Bxb1 18. Qxb1 a5 19. b5 Bb4 20. Rf1 Qe7 21. c5 f6
22. e4 fxe5 23. exd5 exd5 0-1